| 000 | 00458nam a2200157Ia 4500 | ||
|---|---|---|---|
| 008 | 210716s2012 xx 000 0 und d | ||
| 020 | _a9789380578903 | ||
| 041 | _aeng | ||
| 082 | _a003.55 PANP | ||
| 100 | _aPannu, Praveen; Tomar, Yuki Azaad. | ||
| 245 | _aCommunication technology for development. | ||
| 250 | _a1 | ||
| 260 |
_aNew Delhi _bI K International Publishing House Pvt Ltd _c2012 |
||
| 300 | _axvi,349 | ||
| 650 | _aInformation Theory(003.54) | ||
| 999 |
_c194128 _d194128 |
||